Nuestros paisanos los indios : vida, historia y destino de las comunidades indígenas en la argentina /
Guardado en:
| Autor Principal: | |
|---|---|
| Formato: | Libro |
| Publicado: |
Buenos Aires :
Emec',
1992
|
| Materias: | |
| Etiquetas: |
Agregar Etiqueta
Sin Etiquetas, Sea el primero en etiquetar este registro!
|
| LEADER | 00961nam a22001695a 4500 | ||
|---|---|---|---|
| 001 | CEM.cems004200 | ||
| 005 | 20060216000000.0 | ||
| 008 | 130507s1992##################000#0#####d | ||
| 003 | CEMS | ||
| 082 | 0 | 4 | |a 572.982 |
| 100 | 1 | |a Martínez Sarasola, Carlos | |
| 245 | 1 | 0 | |a Nuestros paisanos los indios : |b vida, historia y destino de las comunidades indígenas en la argentina / |
| 260 | |a Buenos Aires : |b Emec', |c 1992 | ||
| 300 | |a 659 p. | ||
| 505 | 0 | |a PRIMERA PARTE: Las culturas precolombinas: 1. los antiguos. 2. las comunidades que ocupaban nuestro territorio en el siglo XVI. SEGUNDA PARTE: Culturas originarias en la conformaci¢n naciónal: 3. el drama de la conquista. 4. Inmersos en una revoluci¢n. 5. La quimera de sere libres. TERCERA PARTE: 4. De se¤ores de la tierra a lkas minor¡as 'tnicas. 7. El estado y las pol¡ticas hacia el ind¡gena., 8. viven los indios | |
| 653 | |a Indios argentinos | ||
| 859 | |a CEMS |b BIB. CEMS - 11 de abril |h 572.982 |i M366 |p 16747.92 |t Ej.1 | ||
